Programové vyhlásenie vlády

Bibliographic Details
Format: Article
Language:Slovak
Subjects:

MARC

LEADER 00000nab a2200000 a 4500
001 vtls000683044
003 SK-MaSNL
005 20260302181018.0
008 140429c1998 xo 0 slo
015 |a SNBRB1999/01-01779 
035 |a CLN000035211 
040 |a SNKBUCL  |b slo  |c SNKBUCL  |e AACR2 
041 0 |a slo 
044 |a xo  |c SK 
080 |a 328.1(437.6)  |2 1997 
245 0 0 |a Programové vyhlásenie vlády 
610 7 |a Slovensko  |b Vláda  |x vyhlásenie programové  |y 1998-2002  |2 snkbucl  |9 890757 
630 0 7 |a Programové vyhlásenie vlády Slovenskej republiky  |y 1998-2002  |2 snkbucl  |9 890977 
655 7 |a články z novín a časopisov  |2 snkbucl  |9 267496 
773 0 |t Parlamentný kuriér  |g Roč. 6, č. 57 (1998), s. 60-65  |x 1335-0307 
850 |a Slovenská národná knižnica v Martine 
852 |a SNK  |b KIS3GCP 
958 |a SK 
992 |a RBX 
999 |c 1412607  |d 1414537